000 00689cam a2200205 4500
005 20151023122229.0
008 151022b mx ||||| |||| 00| 0 spa d
020 _a968859086X
050 0 4 _aBX4705 .P35
_bC45 1992
100 1 _aChinchilla Pawling, Perla
245 1 0 _aPalafox y América /
_cPerla Chinchilla Pawling.
250 _a1a ed.
260 _aMéxico :
_bUIA, Departamento de Historia,
_c1992
300 _a89 p. ;
_c21 cm.
504 _aIncluye bibliografía
600 1 7 _2LEMB
_aPalafox y Mendoza, Juan de,
_d[1600-1659]
_xDocumentos
650 7 _2LEMB
_aIglesia católica
_xHistoria
_ySiglo XVII
_zMéxico
650 7 _2LEMB
_aObispos
_xBiografía
_zMéxico
942 _2lcc
_cLIB
999 _c54989
_d54989